00358nam a22001217a 4500020001800000082003000018100001800048245007800066260003600144300001100180526003700191650000800228 a0-7121-0443-7 a624.1771bCURcL-19, P-76 aCurrie, Brian aDesign of structural elements level IVcBrain Currie and Robert A. Sharpe aUKbMacdonald & Evans Ltdc1984 a189.p: a0b0c0d624_177100000000000_CUR aMCE